000 00704nam a2200241Ia 4500
003 OSt
005 20220923211651.0
006 a|||||r|||| 00| 0
007 ta
008 Pun
024 _a41,965
037 _cTextual
040 _aARTS
_cARTS
_bPun
041 _2Pun
_aPun
082 _aO153v, H8
100 _aਸਿੰਘ, ਮੋਹਨ
245 0 _aਪੰਜਾਬੀ ਅਦਬ ਦੀ ਮੁ॥ਤਸਰ ਤਾਰੀ॥
260 _aਅੰਮ੍ਰਿਤਸਰ
_b ਹਿੰਦ ਪਬਲੀFਰਗ਼
_c1948
300 _a265ਪੰ
_ccm.
650 _aਪੰਜਾਬੀ ਸਾਹਿਤ
942 _hO153v, H8
_cTEXL
_2CC
999 _c302382
_d302382